El candelabro de plata y otros cuentos /
Guardado en:
| Autor Principal: | |
|---|---|
| Otros Autores: | |
| Formato: | Libro |
| Publicado: |
Buenos Aires :
Alfaguara
|
| Series: | Serie Roja
|
| Materias: | |
| Etiquetas: |
Agregar Etiqueta
Sin Etiquetas, Sea el primero en etiquetar este registro!
|
| LEADER | 01090nam a22002535a 4500 | ||
|---|---|---|---|
| 001 | CEM.cems012682 | ||
| 005 | 20070823161156.0 | ||
| 008 | 130507b######################000#0#####d | ||
| 003 | CEMS | ||
| 020 | |a 9870405738 | ||
| 082 | 0 | 4 | |a A868.4 |
| 100 | 1 | |a Castillo, Abelardo | |
| 245 | 1 | 0 | |a El candelabro de plata y otros cuentos / |c Abelardo Castillo ; Prológo de Guillermo Saccomanno |
| 260 | |a Buenos Aires : |b Alfaguara | ||
| 300 | |a 166 p. | ||
| 490 | 0 | |a Serie Roja | |
| 505 | 0 | |a La madre de Ernesto -- El marica -- Hernán -- Historia para un tal Gaido -- El candelabro de plata -- Patrón -- Negro Ortega -- El asesino intachable -- Triste le ville -- Las panteras y el templo -- Por los servicios prestados -- La cuestión de la dama en el Max Lange -- La que espera | |
| 653 | |a Literatura | ||
| 653 | |a Literatura argentina-siglo 20 | ||
| 653 | |a Cuentos | ||
| 653 | |a Cuentos argentinos-siglo 20 | ||
| 700 | 1 | |a Saccomanno, Guillermo, pról. | |
| 859 | |a CEMS |b BIB. CEMS - 11 de abril |h A868.4 |i C278-2 |p 24018.07 |t Ej.1 | ||
| 859 | |a CEMS |b BIB. CEMS - 11 de abril |h A868.4 |i C278-2 |p 26782.14 |t Ej.2 | ||
